| 000 | 00000nas 22000008i 4500 |
| 001 | 9.931395 |
| 003 | CaOODSP |
| 005 | 20250514142651 |
| 006 | m o d f |
| 007 | cr cn||||||||| |
| 008 | 231212c20239999abcar p o f0 b0fre|d |
| 022 | |a2817-9110 |
| 040 | |aCaOODSP|bfre|erda|cCaOODSP |
| 043 | |an-cnp-- |
| 086 | 1 |aIu98-1/9F-PDF |
| 110 | 1 |aCanada. |bDéveloppement économique Canada pour les Prairies, |eauteur, |eorganisme de publication. |
| 222 | 0|aPlan sur l'accessibilité - rapport d'avancement annuel |
| 245 | 10|aPlan sur l'accessibilité - rapport d'avancement annuel / |cPrairiesCan. |
| 264 | 1|aEdmonton (Alberta) : |bDéveloppement économique Canada pour les Prairies = Prairies Economic Development Canada, |c[2023]- |
| 310 | |aAnnuel |
| 336 | |atexte|btxt|2rdacontent/fre |
| 337 | |ainformatique|bc|2rdamedia/fre |
| 338 | |aressource en ligne|bcr|2rdacarrier/fre |
| 362 | 1 |aParaît depuis : Décembre 2023. |
| 500 | |aPublié aussi en anglais sous le titre : Accessibility plan - annual progress report. |
| 588 | |aDescription d'après : Décembre 2023. |
| 588 | |aDernière livraison consultée : Décembre 2023. |
| 610 | 16|aCanada. |bDéveloppement économique Canada pour les Prairies|vPériodiques. |
| 650 | 6|aAccessibilité aux personnes handicapées|zCanada|xPlanification|vPériodiques. |
| 650 | 6|aPersonnes handicapées|xPolitique gouvernementale|zCanada|vPériodiques. |
| 655 | 7|aPériodiques|2rvmgf |
| 775 | 08|tAccessibility plan - annual progress report / |w(CaOODSP)9.931392 |